00422nam a22001337a 4500003000500000038001800005082000800023100001800031245008500049264003500134650003000169700003200199856005700231NUST aNusrat Nadeem a200 aTanveer, Dua  aA Secure Key Exchange and Authentication Scheme for Drone Swarms/cDua Tanveer,  aIslamabad:bSEECS NUST.c2025. aMS- Information Security  aSupervisor: Dr. Hasan Tahir uhttp://10.250.8.41:8080/xmlui/handle/123456789/55494